| 000 | 02552cam a2200565 i 4500 | ||
|---|---|---|---|
| 001 | xx004654541 | ||
| 003 | NUKAT | ||
| 005 | 20260408132650.0 | ||
| 008 | 190702s2019 pl |001 0 pol c | ||
| 020 |
_a9788380985469 _q(oprawa miękka) : _czł 45,00 |
||
| 035 | _a(OCoLC)1111748036 | ||
| 035 | _a(NUKAT)xx004654541 | ||
| 040 |
_aKAT U/MP _bpol _erda _cKAT U/MPs _dKAT U/MP _dGD PAN/JMS _dWR O/KP _dWA 14/ABs _dOLSZT 008/bak |
||
| 041 | 0 |
_apol _beng |
|
| 045 | 2 |
_bd1945 _bd1974 |
|
| 046 | _k2019 | ||
| 100 | 1 |
_aKucharski, Wojciech _d(1978- ). _eAutor _917899 |
|
| 245 | 1 | 0 |
_aKomuniści i Watykan : _bpolityka komunistycznej Polski wobec Stolicy Apostolskiej 1945-1974 / _cWojciech Kucharski ; Instytut Pamięci Narodowej. Komisja Ścigania Zbrodni przeciwko Narodowi Polskiemu. |
| 246 | 3 | 0 | _aPolityka komunistycznej Polski wobec Stolicy Apostolskiej 1945-1974 |
| 260 |
_aWarszawa : _bInstytut Pamięci Narodowej - Komisja Ścigania Zbrodni przeciwko Narodowi Polskiemu, _c2019. |
||
| 300 |
_a527, [1] strona ; _c24 cm. |
||
| 336 |
_aTekst _btxt _2rdacontent |
||
| 337 |
_aBez urządzenia pośredniczącego _bn _2rdamedia |
||
| 338 |
_aWolumin _bnc _2rdacarrier |
||
| 380 | _aKsiążki | ||
| 380 | _aPublikacje naukowe | ||
| 388 | 1 | _a2001- | |
| 490 | 1 | _aCentralny Projekt Badawczy IPN - Władze Komunistyczne wobec Kościołów i Związków Wyznaniowych w Polsce 1944-1989 | |
| 504 | _aBibliografia na stronach 493-512. Indeks. | ||
| 546 | _aStreszczenie angielskie. | ||
| 610 | 2 | 7 |
_aKościół katolicki _2DBN _937102 |
| 610 | 2 | 7 |
_aPZPR _2DBN _937438 |
| 648 | 7 |
_a1901-2000 _2DBN _934996 |
|
| 648 | 7 |
_a1945-1989 _2DBN _936043 |
|
| 650 | 7 |
_aPolityka wyznaniowa _2DBN _937432 |
|
| 650 | 7 |
_aPolityka zagraniczna _2DBN _935703 |
|
| 650 | 7 |
_aPRL _2DBN _935084 |
|
| 650 | 7 |
_aKościół katolicki _xstosunki zagraniczne _zPolska _y1945-1970. _2kaba _939656 |
|
| 650 | 7 |
_aKościół i państwo _zPolska _y1945-1970. _2kaba _939657 |
|
| 650 | 7 |
_aKościół i państwo _xKościół katolicki _y1945-1970. _2kaba _939658 |
|
| 651 | 7 |
_aPolska _2DBN _935076 |
|
| 651 | 7 |
_aWatykan _2DBN _939441 |
|
| 651 | 7 |
_aPolska _xstosunki zagraniczne _xKościół katolicki _y1945-1970. _2kaba _939659 |
|
| 655 | 7 |
_aSynteza _2DBN _939660 |
|
| 658 | _aHistoria | ||
| 710 | 2 |
_aInstytut Pamięci Narodowej - Komisja Ścigania Zbrodni przeciwko Narodowi Polskiemu. _eWydawca _4pbl _911792 |
|
| 830 | 0 |
_aWładze Komunistyczne wobec Kościołów i Związków Wyznaniowych w Polsce 1944-1989 _918363 |
|
| 920 | _a978-83-8098-546-9 (oprawa miękka) : zł 45,00 | ||
| 942 |
_2ddc _cBK_NM |
||
| 999 |
_c27475 _d27475 |
||